000 00891nam a22001937a 4500
005 20250703114045.0
010 _aHIN-129886
020 _c570.00
_a9788197828133
035 _aHN-102232
037 _bDBAD
082 _a820.8
100 _aगुप्ता कुमार आलोक
_982519
245 _a19वी सदी के गुजराती और हिन्दी साहित्य में भारतीय चेतना /
_cआलोक कुमार गुप्ता
250 _a 1
260 _aशिमला
_bभारतीय उच्च अध्ययन संस्थान
_c2025
270 _bशिमला
_aराष्ट्रपति निवास , शिमला
300 _a56 ,पृ.
_b20.5 से.मी.(अजिल्द)
942 _2ddc
_cHN
_h820.8
_mगुप्ताआ
_e1
999 _c212042
_d212042